LEADER 01021nam0-22002891i-450- 001 990000149330403321 005 20070117164139.0 035 $a000014933 035 $aFED01000014933 035 $a(Aleph)000014933FED01 035 $a000014933 100 $a20020821d1902----km-y0itay50------ba 101 0 $aita 102 $aIT 105 $ay-------001yy 200 1 $aRelazione a S.M. il Re, in udienza 13 aprile 1902, e R. Decreto n. 127 che approva il Regolamento universitario$fMinistero dell'istruzione pubblica 210 $aRoma$cL. Cecchini$d1902 215 $a68 p.$d22 cm 300 $aEstr. da: Bollettino ufficiale del 4 settembre 1902 710 01$aItalia.$bMinistero della pubblica istruzione$0354240 801 0$aIT$bUNINA$gRICA$2UNIMARC 901 $aBK 912 $a990000149330403321 952 $a13 MISC 422 08$b10358/7$fFINBC 959 $aFINBC 996 $aRelazione a S.M. il Re, in udienza 13 aprile 1902, e R. Decreto n. 127 che approva il Regolamento universitario$9120850 997 $aUNINA LEADER 01132nmm a22002895u 4500 001 991001287029707536 007 cr nn 008mamaa 008 100301s2009 ne j eng d 020 $a9789048135646 035 $ab13990664-39ule_inst 040 $aDip.to Matematica$beng 100 1 $aGadea, P. M.$0475294 245 10$aAnalysis and algebra on differentiable manifolds$h[e-book] :$ba workbook for students and teachers /$cby P. M. Gadea, J. Muñoz Masqué 260 $aDordrecht :$bSpringer,$c2009 300 $bv.: digital 650 0$aMathematics 650 0$aTopological Groups 650 0$aGlobal analysis 650 0$aGlobal differential geometry 700 1 $aMuñoz Masqué, J.$eauthor$4http://id.loc.gov/vocabulary/relators/aut$0731698 773 0 $aSpringer eBooks 856 40$uhttp://dx.doi.org/10.1007/978-90-481-3564-6$zAn electronic book accessible through the World Wide Web 907 $a.b13990664$b03-03-22$c28-06-11 912 $a991001287029707536 996 $aAnalysis and algebra on differentiable manifolds$91441607 997 $aUNISALENTO 998 $ale013$b28-06-11$cm$d@ $e-$feng$gne $h0$i0 LEADER 01547nam 2200469 450 001 9910795695003321 005 20230803212051.0 010 $a88-921-5642-X 035 $a(CKB)5120000000186318 035 $a(MiAaPQ)EBC2071037 035 $a(Au-PeEL)EBL2071037 035 $a(CaPaEBR)ebr11066286 035 $a(OCoLC)911247028 035 $a(EXLCZ)995120000000186318 100 $a20150627h20142014 uy 0 101 0 $aita 135 $aurcnu|||||||| 181 $2rdacontent 182 $2rdamedia 183 $2rdacarrier 200 10$aOrganizzazione, gestione e finanziamento dei teatri d'opera $eesperienze europee a confronto /$fa cura di Ginevra Cerrina Feroni, Eleonora Negri e Klaus Froboese ; scritti di Francesco Bianchi [and twenty-two others] 210 1$aTurin, [Italy] :$cG. Giappichelli Editori,$d2014. 210 4$d©2014 215 $a1 online resource (282 pages) 225 0 $aQuardeni Cesifin Nuova Serie ;$v61 311 $a88-348-8991-6 606 $aOpera$xEconomic aspects 606 $aOpera$xProduction and direction 615 0$aOpera$xEconomic aspects. 615 0$aOpera$xProduction and direction. 676 $a792.5 700 $aCerrina Feroni$b Ginevra$0267094 702 $aNegri$b Eleonora 702 $aFroboese$b Klaus 702 $aBianchi$b Francesco 801 0$bMiAaPQ 801 1$bMiAaPQ 801 2$bMiAaPQ 906 $aBOOK 912 $a9910795695003321 996 $aOrganizzazione, gestione e finanziamento dei teatri d'opera$93730579 997 $aUNINA